Flight Rules in the USA #4 - Statistics

General Stats
  • This quiz has been taken 4 times
  • The average score is 11 of 15
Answer Stats
Question Answer % Correct
Your destination airport has runways of 02/20 and the wind is indicated 180@5. Which runway should you use? 20
100%
If you are heading 270 and the Magnetic Variation is 10 degrees west, what should you adjust your heading to read on the compass (no magnetic deviation)? 280
100%
What should the altimeter be set to if flying in Class A airspace? 29.92
100%
How far does the Mode C veil extend from a Class B airport (in miles)? 30
100%
What should be performed prior to demonstrating maneuvers? Clearing turns.
100%
What is the first step during an engine failure? Establish best glide.
100%
Who is the final authority as to the operation of an aircraft? Pilot in command.
100%
To counter a propeller's left turning tendency, the pilot should use? Right Rudder
100%
When is flying in a restricted area allowed? With permission from the controlling agency.
100%
When heading to a VOR from the west, a TO indication should read what? 90
50%
To recover from an unusual attitude towards the ground, the pilot should do what? In the brown, power down.
50%
When should the ELT be tested? In the first 5 minutes of the hour.
50%
What would you use to see if there is any inflight icing on your route? PIREP
50%
If flying under BasicMed, what is the maximum number of passengers you can carry at a time? 5
0%
Prior to flying into Class B airspace, which of the following is not required? Airspeed of 200kts
0%
No matching quizzes found
Score Distribution
Percent of People with Each Score
Percentile by Number Answered
Your Score History
You have not taken this quiz